MDQL
is popping MORE tags! Check the
thread
!
Quizzes
Events
Quiz Creation
Community
Videos
Private Events
Remove Ads
Sign In
Join for FREE
Feedback
Dark Mode
Quiz Categories
Sports
Geography
Music
Movies
Television
Just For Fun
Miscellaneous
History
Literature
Language
Science
Gaming
Entertainment
Religion
Holiday
For Kids
Quiz Lab
Recent
Popular Today
Quiz Kudos Today
Editor Picks
Curator Picks
Quizzes by...
Day
Popularity
Type
Ratings
Length
Year
Community
Subscriptions
Recent Discussions
Orange Saloon
Badges
Playlists
Quests
Create
Leaderboards
Showdown
Live 5
Trivia Bingo
Activity
Puzzle Library
Sporcle Events
Private Events
Virtual Trivia
Globe League
Become a Host
Pub Owners
SporcleCon
Opinionation
Our Games
Videos
Blog
Mobile Apps
Partnerships
Remove Ads and Go Orange
Feedback
Sports
Athletes
MLB
NBA
NHL
NFL
Soccer
Sports Teams
WWE
NCAA
Football
Premier League
Basketball
Baseball
Hockey
Golf
Tennis
Cricket
Rugby
Auto Racing
Olympics
World Cup
Sports
Athletes
MLB
NBA
NHL
NFL
Soccer
Sports Teams
WWE
NCAA
Football
Premier League
Basketball
Baseball
Hockey
Golf
Tennis
Cricket
Rugby
Auto Racing
Olympics
World Cup
Random Quiz
Search Sporcle
×
Quiz Lab
Quiz Lab
Sports
NHL
Type in answers that appear in a list
Type in answers that appear in a list
Classic
Best Score? Go Orange.
NHL Goaltenders with a Playoff Shutout from 1980-1989 Stats
Can you name the NHL Goaltenders with a Playoff Shutout from 1980-1989?
By
aheig82
6m
40 Questions
335 Plays
335 Plays
335 Plays
Comments
Comments
Give Quiz Kudos
Give Quiz Kudos
-
- Ratings
hide this ad
More Info
Replay
Link that replays current quiz
Next Quiz
Link to next quiz in quiz playlist
You Got
0%
They Got
Avg Score
62%
Avg Friend Score
Upgrade to see
Score Distribution
Jump to the score distribution portion of the page
Score
0/40
Timer
06:00
0
Plays Today
Year
Goaltender
% Correct
1986
Patrick Roy
98.2%
1989
Patrick Roy
98.2%
1984
Grant Fuhr
97.9%
1989
Grant Fuhr
97.9%
1980
Billy Smith
94.3%
1982
Billy Smith
94.3%
1983
Billy Smith
94.3%
1989
Mike Vernon
91.3%
1987
Ron Hextall
89.3%
1985
Pelle Lindbergh
81.5%
1986
John Vanbiesbrouck
80.9%
1987
John Vanbiesbrouck
80.9%
1984
Mike Liut
78.2%
1986
Mike Liut
78.2%
1980
Pete Peeters
77.3%
1983
Pete Peeters
77.3%
1982
Tony Esposito
63.6%
1985
Reggie Lemelin
63.6%
1988
Reggie Lemelin
63.6%
1984
Don Beaupre
63.3%
Year
Goaltender
% Correct
1988
Sean Burke
63.3%
1984
Richard Brodeur
62.1%
1980
Don Edwards
59.4%
1984
Glen Hanlon
50.4%
1987
Glen Hanlon
50.4%
1988
Glen Hanlon
50.4%
1980
Bob Sauve
47.5%
1983
Bob Sauve
47.5%
1986
Ken Wregget
45.7%
1987
Ken Wregget
45.7%
1984
Steve Penney
43.3%
1985
Steve Penney
43.3%
1981
Dan Bouchard
40%
1980
Michel Larocque
39.4%
1985
Gilles Meloche
39.4%
1988
Greg Stefan
35.5%
1987
Bob Mason
30.1%
1989
Jacques Cloutier
22.1%
1980
Phil Myre
19.1%
1981
Rick St. Croix
12.5%
Quiz Playlist
Details
Report
Send in Message
Add To Playlist
More Info:
NHL Goaltenders who recorded a shutout during the playoffs from 1980-1989.
Classic:
Type in answers that appear in a list
Quiz Source
Last Updated: Feb 16, 2017
Quiz Scoreboard
CHALLENGE
Sign Up to Join the Scoreboard
Show All
Scores
Hide
Comments
May contain spoilers
Recently Published
1-10 Letter E Words III
by El_Dandy
Language
2m
Street Fighter Characters
by Artimus82
Gaming
60s
College Basketball Coaching Resumes
by pancakes188
Sports
9m
More to Explore
Quiz From the Vault
Featured Blog Post
Where Did the Easter Bunny Come From?
hide this ad
You Might Also Like...
Tags
NHL Quiz
1980s
Goaltender
Playoff
shutout
team
Today's Top Quizzes in Sports
Browse Sports
hide this ad
Today's Top Quizzes in NHL
Browse NHL
Top Contributed Quizzes in Sports
1
2022 World Cup Stars
2
Les meilleurs buteurs des matchs entre le PSG et l’OM
3
FIFA Club World Cup Champions
4
Les entraîneurs de l'OM et du PSG au 21e siècle
5
Criteria MLB: Left Handed Sluggers
6
2023 MLB Unique Player Accomplishments
7
AFC Teams Reveal (Wrong Answers Minefield)
8
Players with Multiple 50 Home Run Seasons
9
5-to-1: FBS Animal Nicknames
10
5-to-1: UK Sports Teams
Explore More
Trending Topics
Anime
Harry Potter
Disney
Marvel
NBA
Kpop
Crossword
NFL
Soccer
Song
Pokémon
Puzzle
The Office
Country
WWE
hide this ad
More By:
aheig82
Quiz
Plays
Rating
Category
Featured
Created
NBA Last Five 25.0+ PPG Players by Team
144,386
4.51
Sports
Nov 17, 2011
NHL 40+ Goal Scorers per Franchise
46,926
4.56
Sports
Nov 16, 2011
MLB Last Five 40+ HR Hitters by Franchise
12,475
4.56
Sports
Nov 14, 2011
Top 5 Medal Winning Teams in Each Summer Olympics
11,925
4.21
Sports
Jul 14, 2012
Top 10 NBA Scoring Leaders Per Season (1990-2000)
8,237
4.00
Sports
Dec 20, 2012
Go to Creator's Profile
Score Distribution
Quiz Creator Spotlight
aheig82
Follow
Send a Message
Quizzes Created
-
Created Quiz Play Count
-
More By This Creator
Popular Quizzes Today
1
Find the US States - No Outlines Minefield
2
Find the Countries of Europe - No Outlines Minefield
3
The Countries of the World
4
Find the US States
5
Risky Map Clicking: Biggest States A-Z
6
US States
7
Popular People in 1961
8
Movies - When Are They Set?
More Sports Quizzes
NFL Hall Of Famers Without A Championship
Editor's Pick
Trending Quizzes
Risky Map Clicking: Least Populous States A-Z
USA Borders Longest to Shortest
1-10 Letter G Words
1-10 Letter F Words
Countries of the World: 200 Million BC
Recently Updated
Beyoncé Albums
pecheneg
Leaping Animals
pecheneg
Reality TV Shows (A-Z)
bhenderson79
Rickey Henderson's Hall of Fame Teammates
pecheneg
Champions League XIs: Arsenal
pecheneg
Quick Pick: Celebrities in WWE's Hall of Fame
aduchscher
A-Z Keypad Blitz II
pecheneg
Multiple Oscar Actors
pecheneg
Mystery Phrase Blitz: Oscar 'Best Actors'
pecheneg
F. Scott Fitzgerald Novels
LTH
Trending Topics
Harry Potter
Crossword
Disney
NBA
Marvel
Kpop
Anime
The Office
Song
Country
Pokémon
NFL
Puzzle
WWE
Soccer
Your Account Isn't Verified!
In order to create a playlist on Sporcle, you need to verify the email address you used during registration. Go to your
Sporcle Settings
to finish the process.
Report this User
Report this user for behavior that violates our
Community Guidelines
.
Details:
Send Report
Go to the Sporcle.com Mobile Site →
Comments